| 000 | 00893nmc a2200337 a 4500 | ||
|---|---|---|---|
| 003 | AR-BaBNM | ||
| 005 | 20251128204544.0 | ||
| 008 | 047019s1977 ||||||||||||||000 | spa|| | ||
| 040 | _cAR-BaBNM | ||
| 245 | 1 | 0 | _aEl salón literario de 1837 |
| 250 | _a2ª ed. | ||
| 260 |
_aBuenos Aires _bHachette _c1977 |
||
| 300 | 0 | _a203 p. | |
| 490 | 0 | _aEl pasado argentino | |
| 650 | 4 | _aLITERATURA ARGENTINA | |
| 650 | 4 | _aROSAS Y SU TIEMPO | |
| 650 | 4 | _aROMANTICISMO | |
| 650 | 4 | _aGENERACION DE 1837 | |
| 650 | 4 | _aSALON LITERARIO | |
| 650 | 4 | _aHISTORIA POLITICA ARGENTINA | |
| 650 | 4 | _aASOCIACION DE MAYO | |
| 655 | _aLITERATURA | ||
| 700 | 1 | _aWeinberg, Félix | |
| 700 | 1 | _aSastre, Marcos | |
| 700 | 1 | _aAlberdi, Juan Bautista | |
| 700 | 1 | _aGutiérrez, Juan María | |
| 700 | 1 | _aEcheverría, Esteban | |
| 800 | 1 |
_aWeinberg, Gregorio _edirector |
|
| 942 | _cBK | ||
| 998 | _cMARTIN | ||
| 999 |
_c7909 _d7909 |
||